000 00932nmc a2200301 a 4500
003 AR-BaBNM
005 20251128211707.0
008 245020s2005 ||||||||||||||000 | spa||
040 _cAR-BaBNM
110 1 _aCentro Cultural Recoleta
245 1 0 _aArte de Santa Cruz
_bPrograma Argentina Pinta Bien
250 _a1ª ed.
260 _aBuenos Aires
_bGobierno de la Ciudad de Buenos Aires. Secretaría de Cultura
_c2005
300 0 _a62 p.
_bil.
490 0 _aPrograma Argentina Pinta Bien
536 _aRepsol IPF
585 _aComplejo Cultural Santa Cruz, Río Gallegos. 2004=585 ##
_aCentro Cultural Recoleta, Buenos Aires. 2005
650 4 _aARTES PLASTICAS
650 4 _aLIBROS DE ARTE
650 4 _aPINTORES
650 4 _aARTE CONTEMPORANEO
650 4 _aCRITICA DE ARTE
651 4 _aSanta Cruz
653 0 _aARTE ARGENTINO
710 1 _aComplejo Cultural Santa Cruz
942 _cBK
998 _cmartin
999 _c20747
_d20747